000 00342nam a2200133Ia 4500
008 240624s9999 xx 000 0 und d
041 _aeng
082 _a519.542 IVE
100 _aIVERSEN GUDMUND R
245 _aBAYESIAN STATISTICAL INFERENCE
260 _c1984
_aLondon
_bSage Publications
300 _a80 , p. , 25 : cm.
365 _cBPS
_b30
999 _c7334
_d7334